000 00560nam a22001577a 4500
003 OSt
005 20150914163201.0
008 150914b xxu||||| |||| 00| 0 eng d
040 _cRUA
082 _aAGR THI 2000 B026 Or.1
100 _9475
_aTHIV, VANNY.
245 _aPest on tomato in pursat province សត្វល្អិត និងជំងឺដំណាំប៉េងប៉ោះក្នុងលក្ខខ័ណ្ឌ ខេត្តពោធិសាត់
260 _aPhnom Penh
_bRUA
_c2000
300 _a61p.
_bill.
_c29cm.
942 _2ddc
_cAGR
999 _c455
_d455